| 000 | 01189nam a22002891a 4500 | ||
|---|---|---|---|
| 001 | ebr10014648 | ||
| 003 | CaPaEBR | ||
| 006 | m u | ||
| 007 | cr cn||||||||| | ||
| 008 | 010807s2000 enka sb 000 0 eng d | ||
| 010 | _z 2001270740 | ||
| 020 | _z1841508209 | ||
| 040 |
_aCaPaEBR _cCaPaEBR |
||
| 035 | _a(OCoLC)559786782 | ||
| 050 | 1 | 4 |
_aHC79.T4 _bS23 2000eb |
| 082 | 0 | 4 |
_a338.9260965 _221 |
| 100 | 1 | _aSaad, Mohammed. | |
| 245 | 1 | 0 |
_aDevelopment through technology transfer _h[electronic resource] : _bcreating new organisational and cultural understanding / _cMohammed Saad. |
| 260 |
_aOxford ; _aPortland, OR, USA : _bIntellect, _c2000. |
||
| 300 |
_aiv, 138 p. : _bill. |
||
| 504 | _aIncludes bibliographical references (p. 129-138). | ||
| 533 |
_aElectronic reproduction. _bPalo Alto, Calif. : _cebrary, _d2013. _nAvailable via World Wide Web. _nAccess may be limited to ebrary affiliated libraries. |
||
| 650 | 0 |
_aTechnology transfer _xEconomic aspects _zAlgeria. |
|
| 655 | 7 |
_aElectronic books. _2local |
|
| 710 | 2 | _aebrary, Inc. | |
| 856 | 4 | 0 |
_uhttp://site.ebrary.com/lib/rucke/Doc?id=10014648 _zAn electronic book accessible through the World Wide Web; click to view |
| 999 |
_c13200 _d13200 |
||